Squadre con il Peggior attacco in Serie A - Statistics

Statistiche generali
  • Questo quiz è stato fatto 14 volte
  • Il punteggio medio è 36 su 47
Statistiche sulle risposte
Stagioni con il peggior attacco Squadra % Corretto
2 Hellas Verona
100%
4 Atalanta
93%
9 Bari
93%
3 Bologna
93%
3 Chievo
93%
2 Fiorentina
93%
3 Lecce
93%
1 Perugia
93%
3 Catania
86%
1 Cremonese
86%
3 Empoli
86%
3 Genoa
86%
1 Napoli
86%
4 Palermo
86%
1 Parma
86%
1 Pisa
86%
1 Reggiana
86%
1 Reggina
86%
3 Sampdoria
86%
1 Sassuolo
86%
3 Torino
86%
2 Venezia
86%
1 Alessandria
79%
1 Ancona
79%
2 Lazio
79%
1 Livorno
79%
3 Pescara
79%
1 Avellino
71%
4 Brescia
71%
2 Catanzaro
71%
2 Cesena
71%
1 Como
71%
1 Novara
71%
1 Piacenza
71%
1 Pro Vercelli
71%
4 SPAL
71%
3 Triestina
71%
1 Foggia
64%
2 Padova
64%
1 Treviso
64%
4 Ascoli
57%
1 Lucchese
57%
2 Vicenza
57%
1 Mantova
50%
2 Varese
43%
1 Casale
36%
2 Legnano
0%
Nessun quiz corrispondente trovato
Distribuzione punteggi
Percentuale di utenti per punteggio
Percentile per numero di risposta
I tuoi punteggi nel tempo
Non hai fatto questo quiz